La ciencia de la comunicación humana
Zapisane w:
| 1. autor: | |
|---|---|
| Format: | Książka |
| Język: | hiszpański |
| Wydane: |
Ciudad de México
Grijalbo
1982
|
| Seria: | Tratados y Manuales Grijalbo
|
| Hasła przedmiotowe: | |
| Etykiety: |
Dodaj etykietę
Nie ma etykietki, Dołącz pierwszą etykiete!
|
MARC
| LEADER | 00000nam a2200000 a 4500 | ||
|---|---|---|---|
| 001 | UCR3772 | ||
| 003 | CL-VaPUC | ||
| 008 | 980130e19820000MX |||||||||||||||||spa|d | ||
| 082 | 0 | 4 | |a 302.2 |b SCH |2 21 |
| 100 | 0 | |a Schramm, Wilbur |e author |9 403046 | |
| 245 | 1 | 3 | |a La ciencia de la comunicación humana |
| 300 | |a 191 p | ||
| 942 | |c BK | ||
| 945 | |d 19980130 00:00:00 |a rleighto | ||
| 260 | |a Ciudad de México |b Grijalbo |c 1982 | ||
| 650 | 7 | |a COMUNICACION DE MASAS |2 CL-VaPUC |9 334823 | |
| 650 | 0 | |a Investigación periodística |9 386006 | |
| 650 | 0 | |a Medios de comunicación |9 257206 | |
| 650 | 0 | |a Personalidad |9 307255 | |
| 650 | 0 | |a Televisión |9 256845 | |
| 650 | 7 | |a MAQUINAS DE ENSEÑANZA |2 CL-VaPUC |9 403047 | |
| 650 | 7 | |a INSTRUCCION PROGRAMADA |2 CL-VaPUC |9 355104 | |
| 583 | |a last modification |c 19980130 00:00:00 |k Rodrigo Vera | ||
| 490 | 0 | |a Tratados y Manuales Grijalbo | |
| 999 | |c 266799 |d 266797 | ||
| 952 | |0 0 |1 0 |4 0 |6 302_200000000000000_SCH_1982 |7 0 |8 A |9 298726 |a BIBCUR |b BIBCUR |d 2019-11-20 |i 339834K |o 302.2 SCH 1982 |p 339834K |r 2025-04-22 |w 2019-11-20 |y BK |k PER | ||
| 952 | |0 0 |1 0 |4 0 |6 302_200000000000000_SCH_1982 |7 0 |8 A |9 298727 |a FDOPOS |b FDOPOS |d 2019-11-20 |i 1467786 |o 302.2 SCH 1982 |p 1467786 |r 2025-01-22 |w 2019-11-20 |y BK |k MLA | ||